Psicología del color : (Registro nro. 3642)
[ vista simple ]
| 000 -LEADER | |
|---|---|
| fixed length control field | 02331nam a22002417a 4500 |
| 003 - CONTROL NUMBER IDENTIFIER | |
| control field | PE SENCICO BE |
| 005 - DATE AND TIME OF LATEST TRANSACTION | |
| control field | 20251020182620.0 |
| 008 - FIXED-LENGTH DATA ELEMENTS--GENERAL INFORMATION | |
| fixed length control field | 221125b |||||||| |||| 00| 0 eng d |
| 017 ## - COPYRIGHT OR LEGAL DEPOSIT NUMBER | |
| Copyright or legal deposit number | 978-84-252-1977-1 |
| 040 ## - CATALOGING SOURCE | |
| Original cataloging agency | PE SENCICO BE |
| Transcribing agency | PE SENCICO BE |
| 082 ## - DEWEY DECIMAL CLASSIFICATION NUMBER | |
| Classification number | 152.45 |
| Item number | H37 |
| 100 1# - MAIN ENTRY--PERSONAL NAME | |
| 9 (RLIN) | 87 |
| Personal name | Heller, Eva |
| Relator term | autor |
| 245 1# - TITLE STATEMENT | |
| Title | Psicología del color : |
| Remainder of title | como actúan los colores sobre los sentimientos y la razón / |
| Statement of responsibility, etc. | Eva Heller |
| 250 ## - EDITION STATEMENT | |
| Edition statement | 1a ed. |
| 260 ## - PUBLICATION, DISTRIBUTION, ETC. | |
| Place of publication, distribution, etc. | Barcelona: |
| -- | Lima : |
| Name of publisher, distributor, etc. | Gustavo Gili, |
| Date of publication, distribution, etc. | 2011. |
| 300 ## - PHYSICAL DESCRIPTION | |
| Extent | 309 páginas : |
| Other physical details | ilutraciones a color ; |
| Dimensions | 24 cm. |
| 505 0# - FORMATTED CONTENTS NOTE | |
| Formatted contents note | Azul. El color preferido: El color de la simpatía y la fidelidad, pese a ser frio y distante. El color femenino y el color de las virtudes espirituales. Del azul real a azul de los tejanos -- Rojo. El color de todas las pasiones . Del amor al odio. El odio de los reyes y del comunismo, de la alegria y del peligro -- Amarillo. El color mas contradictorio. Optimismo y celos. El color de la diversión, del entendimiento y de la traición. El amarillo del oro y el amarillo del azufre -- Verde. El color de la fertilidad, de la esperanza y de la burguesía. Verde sagrado y verde venenoso. El color intermedio -- Negro. El color del poder, de a violencia y de la muerte. El color favorito de los diseñadores y de la juventud: El color de la negación y de la elegancia. ¿Es el negro propiamente un color? -- Blanco. El color femenino de la inocencia. El color del bien y de los espíritus. El color mas importante de los pintores -- Naranja. El color de la diversión y del budismo. Exótico y llamativo, pero subestimado -- Violeta. De la púrpura del poder al color de la teología, la magia, el feminismo y el movimiento gay -- Rosa. Dulce y delicado, escandaloso y cursi. Del rosa masculino al rosa femenino -- Oro. Dinero, felicidad, lujo. Mucho mas que un color -- Plata. El color de la velocidad, del dinero y de la luna -- Marrón. Color e loa acogedor, de lo corriente y de la necedad -- Gris. El color del aburrimiento, de lo anticuado y de la crueldad. Los test psicológicos con colores y la teoría de Goethe |
| 650 10 - SUBJECT ADDED ENTRY--TOPICAL TERM | |
| Topical term or geographic name entry element | Psicología del arte |
| 9 (RLIN) | 88 |
| 650 20 - SUBJECT ADDED ENTRY--TOPICAL TERM | |
| Topical term or geographic name entry element | Color en la arquitectura |
| 9 (RLIN) | 30 |
| 650 20 - SUBJECT ADDED ENTRY--TOPICAL TERM | |
| Topical term or geographic name entry element | Percepción visual |
| 9 (RLIN) | 89 |
| 910 ## - USER-OPTION DATA (OCLC) | |
| User-option data | hfp |
| -- | hfp |
| -- | hfp |
| 942 ## - ADDED ENTRY ELEMENTS (KOHA) | |
| Source of classification or shelving scheme | Dewey Decimal Classification |
| Koha item type | Libros |
| Classification part | 152.145 |
| Item part | H37 |
| Fecha de la última vez que lo usaron | Número de ingreso o de inventario | Pago total | Signatura topográfica completa | Código de barras | Precio efectivo desde | Tipo de documento | Estado perdido | Sistema de clasificación | Estado dañado | No es para préstamo | Retirado | Ubicación permanente | Ubicación actual | Fecha de adquisición | Fuente de adquisición |
|---|---|---|---|---|---|---|---|---|---|---|---|---|---|---|---|
| 25/11/2022 | 14935 | 152.145/H37 | BibLima24060028 | 25/11/2022 | Libros | Dewey Decimal Classification | Biblioteca Central Lima | Biblioteca Central Lima | 25/11/2022 | ||||||
| 26/08/2023 | 16670 | 152.145/H37/ej. 2 | BibLima24060029 | 26/08/2023 | Libros | Dewey Decimal Classification | Biblioteca Central Lima | Biblioteca Central Lima | 14/08/2023 | Comprado de la librería Megabook |